Normal view
MARC view
Entry Personal Name
001 - CONTROL NUMBER
- control field: 4121
003 - CONTROL NUMBER IDENTIFIER
- control field: Ke-BoTe
005 - DATE AND TIME OF LATEST TRANSACTION
- control field: 20220503141625.0
008 - FIXED-LENGTH DATA ELEMENTS
- fixed length control field: 220503|| aca||aabn | a|a d
040 ## - CATALOGING SOURCE
- Original cataloging agency: Ke-BoTe
- Transcribing agency: Ke-BoTe
100 ## - HEADING--PERSONAL NAME
- Personal name: Munday, Laurie D
670 ## - SOURCE DATA FOUND
- Source citation: Work cat.: (Ke-BoTe)2055: Curren, Anna M. 4119, Dimensional analysis for meds /, c1998.
